[Event "12th Ugra Governor's Cup"]
[Site "Khanty-Mansiysk RUS"]
[Date "2016.11.21"]
[Round "5.7"]
[White "Predke, Alexandr"]
[Black "Lintchevski, Daniil"]
[Result "1/2-1/2"]
[WhiteTitle "GM"]
[BlackTitle "GM"]
[WhiteElo "2579"]
[BlackElo "2517"]
[WhiteFideId "24107581"]
[BlackFideId "4171055"]
[EventDate "2016.11.17"]

1. d4 d5 2. c4 dxc4 3. Nf3 a6 4. e3 Nf6 5. Bxc4 e6 6. O-O c5 7. dxc5 Qxd1 8.
Rxd1 Bxc5 9. b3 b6 10. Bb2 Bb7 11. Be2 O-O 12. Nbd2 Rd8 13. Ne5 Nbd7 14. Nd3 Be7
15. Bf3 Bxf3 16. Nxf3 Rdc8 17. Rac1 Kf8 18. Kf1 Ke8 19. Ke2 Bf8 20. Nd2 Rxc1 21.
Rxc1 Kd8 22. Bd4 b5 23. Nf3 Ne4 24. Rc6 a5 25. a4 bxa4 26. bxa4 g6 27. Nfe5 f6
28. Nc4 e5 29. Bb6+ Nxb6 30. Nxb6 Ra6 31. f3 Nc3+ 32. Kd2 Bb4 33. Kc2 e4 34. Nf4
exf3 35. gxf3 Ke8 36. Rxf6 Nxa4 37. Nbd5 Rxf6 38. Nxf6+ Kf7 39. Nxh7 Be7 40. Nd5
Bd8 41. f4 Nc5 42. Ng5+ Bxg5 1/2-1/2

[Event "12th Ugra Governor's Cup"]
[Site "Khanty-Mansiysk RUS"]
[Date "2016.11.21"]
[Round "5.8"]
[White "Goryachkina, Aleksandra"]
[Black "Pridorozhni, Aleksei"]
[Result "1/2-1/2"]
[WhiteTitle "WGM"]
[BlackTitle "GM"]
[WhiteElo "2452"]
[BlackElo "2574"]
[WhiteFideId "4147103"]
[BlackFideId "4127870"]
[EventDate "2016.11.17"]

1. d4 e6 2. Nf3 b6 3. g3 Bb7 4. Bg2 f5 5. O-O Nf6 6. c4 Be7 7. d5 Ne4 8. dxe6
dxe6 9. Qxd8+ Bxd8 10. Ng5 Bxg5 11. Bxg5 Nd7 12. Nd2 Nd6 13. Bxb7 Nxb7 14. e4 h6
15. Be3 O-O-O 16. exf5 exf5 17. Bd4 Rh7 18. Rad1 g5 19. Rfe1 Ndc5 20. Bf6 Rd6
21. Nf3 Ne4 22. Be5 Rxd1 23. Rxd1 Re7 24. Bh8 g4 25. Nh4 Nbd6 26. b3 Re6 27. Kf1
a6 28. Rd5 c6 29. Re5 Kd7 30. Rxe6 Kxe6 31. f3 gxf3 32. Nxf3 c5 33. Bg7 h5 34.
Ke2 b5 35. Kd3 Nf2+ 36. Ke2 Nfe4 37. Kd3 Nf2+ 38. Ke2 Nfe4 39. Kd3 Nf2+ 40. Ke2
Nfe4 1/2-1/2

[Event "12th Ugra Governor's Cup"]
[Site "Khanty-Mansiysk RUS"]
[Date "2016.11.21"]
[Round "5.9"]
[White "Korchmar, Vasiliy"]
[Black "Yuffa, Daniil"]
[Result "1-0"]
[WhiteTitle "IM"]
[BlackTitle "GM"]
[WhiteElo "2399"]
[BlackElo "2532"]
[WhiteFideId "24131750"]
[BlackFideId "24131423"]
[EventDate "2016.11.17"]

1. d4 Nf6 2. Nf3 e6 3. Bf4 b6 4. e3 Bb7 5. Nbd2 c5 6. Bd3 Nc6 7. c3 Be7 8. h3
O-O 9. O-O Re8 10. Qe2 a6 11. a3 b5 12. e4 cxd4 13. cxd4 d6 14. Rad1 Rc8 15. e5
Nd5 16. Qe4 g6 17. Bh6 dxe5 18. dxe5 Na5 19. Qe2 Qb6 20. Ne4 b4 21. Nfg5 Nc6 22.
Nd6 Bxd6 23. exd6 Rcd8 24. Qg4 f5 25. Qg3 Qc5 26. Qh4 Rd7 27. Rfe1 Qxd6 28. Bc4
Na5 29. Ba2 b3 30. Bb1 e5 31. Qa4 Qc7 32. Rc1 Bc6 33. Qh4 Qd8 34. Rc5 Nf4 35.
Rcxe5 Rxe5 36. Rxe5 Nxg2 37. Qb4 Nh4 38. Qxa5 Rd1+ 39. Kh2 Qxa5 40. Rxa5 Rxb1
41. Rxa6 Nf3+ 42. Nxf3 Bxf3 43. Rf6 1-0

[Event "12th Ugra Governor's Cup"]
[Site "Khanty-Mansiysk RUS"]
[Date "2016.11.21"]
[Round "5.10"]
[White "Fedoseev, Vladimir3"]
[Black "Khanin, Semen"]
[Result "1-0"]
[WhiteTitle "GM"]
[BlackTitle "IM"]
[WhiteElo "2673"]
[BlackElo "2416"]
[WhiteFideId "24130737"]
[BlackFideId "4111990"]
[EventDate "2016.11.17"]

1. e4 e5 2. Nf3 Nc6 3. Bc4 Bc5 4. c3 Nf6 5. b4 Bb6 6. d3 d6 7. O-O O-O 8. Nbd2
Ne7 9. Bb3 c6 10. d4 Ng6 11. a4 h6 12. Qc2 Nh5 13. dxe5 dxe5 14. Nc4 Bc7 15. Ne1
Nhf4 16. f3 Qf6 17. g3 Nh3+ 18. Kh1 Rd8 19. Be3 Ng5 20. Qe2 Bh3 21. Rf2 Ne6 22.
Nd3 Rd7 23. b5 a6 24. bxc6 bxc6 25. a5 Rad8 26. Nb4 Ngf4 27. gxf4 exf4 28. e5
Bxe5 29. Nxe5 Qxe5 30. Bd4 Qxe2 31. Rxe2 Nxd4 32. cxd4 Rxd4 33. Nxc6 Rd2 34.
Nxd8 Rxe2 35. Bxf7+ Kh7 36. Bc4 Rd2 37. Bxa6 Bg2+ 38. Kg1 Bxf3 39. Bb7 Be2 40.
Be4+ g6 41. Ne6 f3 42. Nf4 Bd1 43. a6 f2+ 44. Kf1 1-0

[Event "12th Ugra Governor's Cup"]
[Site "Khanty-Mansiysk RUS"]
[Date "2016.11.22"]
[Round "6.1"]
[White "Khismatullin, Denis"]
[Black "Savchenko, Boris"]
[Result "1-0"]
[WhiteTitle "GM"]
[BlackTitle "GM"]
[WhiteElo "2600"]
[BlackElo "2613"]
[WhiteFideId "4142578"]
[BlackFideId "4147332"]
[EventDate "2016.11.17"]

1. Nf3 c5 2. c4 Nc6 3. d4 cxd4 4. Nxd4 g6 5. e4 d6 6. Nc3 Nf6 7. f3 Nxd4 8. Qxd4
Bg7 9. Be3 O-O 10. Qd2 a5 11. b3 b6 12. Be2 Nd7 13. O-O Nc5 14. Rab1 f5 15. exf5
Rxf5 16. a3 Bd7 17. Bd1 Bc6 18. b4 Nd7 19. Bb3 Kh8 20. Ne2 Bb7 21. Nd4 Rf6 22.
Bg5 axb4 23. axb4 Qf8 24. f4 Nb8 25. c5 dxc5 26. Bxf6 Bxf6 27. Ne6 Qc8 28. bxc5
bxc5 29. f5 Be4 30. Ng5 Bd4+ 31. Kh1 Bxf5 32. Nf7+ Kg7 33. Qh6+ Kf6 34. Qh4+ Kg7
35. Qh6+ Kf6 36. Bd5 1-0

[Event "12th Ugra Governor's Cup"]
[Site "Khanty-Mansiysk RUS"]
[Date "2016.11.22"]
[Round "6.2"]
[White "Rozum, Ivan"]
[Black "Rakhmanov, Aleksandr"]
[Result "1/2-1/2"]
[WhiteTitle "GM"]
[BlackTitle "GM"]
[WhiteElo "2582"]
[BlackElo "2664"]
[WhiteFideId "24104272"]
[BlackFideId "4173708"]
[EventDate "2016.11.17"]

1. d4 Nf6 2. c4 d6 3. Nf3 g6 4. Nc3 Bf5 5. h3 Ne4 6. Nxe4 Bxe4 7. Ng5 Bf5 8. g4
Bc8 9. Bg2 Bg7 10. O-O c6 11. Be3 h6 12. Nf3 Nd7 13. Qd2 e5 14. dxe5 dxe5 15. g5
hxg5 16. Nxg5 Qe7 17. Rad1 O-O 18. b4 f6 19. Ne4 f5 20. Qd6 Qxd6 21. Nxd6 Nf6
22. b5 e4 23. f3 Be6 24. fxe4 Nxe4 25. Nxe4 fxe4 26. Rxf8+ Rxf8 27. bxc6 bxc6
28. Bxe4 Bxc4 29. Bxc6 Bxe2 30. Rd6 Bf3 31. Ba4 Be4 32. Bb3+ Kh8 33. Bxa7 Rf3
34. Bd4 Bf5 35. h4 Rh3 36. Bxg7+ Kxg7 37. Rd4 Bb1 38. Rb4 Bxa2 39. Bxa2 g5 40.
hxg5 Rg3+ 41. Kf2 Rxg5 42. Kf3 Kf6 43. Bb1 Ke5 44. Be4 Rg1 45. Rb5+ Kd6 46. Ke3
Re1+ 47. Kd4 Ke7 48. Ke5 Ke8 49. Rb7 Re2 50. Kd5 Kf8 51. Bf5 Re7 52. Rb8+ Kf7
53. Be4 Kf6 54. Rf8+ Rf7 55. Rd8 Ra7 56. Rd6+ Kg5 57. Ke5 Ra5+ 58. Bd5 Rb5 59.
Rd8 Ra5 60. Rg8+ Kh5 61. Rg1 Rb5 62. Ke4 Kh6 63. Be6 Rg5 64. Rf1 Ra5 65. Rg1 Rg5
66. Bg4 Kg7 67. Kf4 Kf6 68. Re1 Ra5 69. Re6+ Kf7 70. Bf5 Ra1 71. Rd6 Rf1+ 72.
Kg5 Rg1+ 73. Bg4 Ke7 74. Rd7+ Ke8 75. Rc7 Kd8 76. Rg7 Rf1 77. Rd7+ Ke8 78. Rh7
Rg1 79. Kf4 Re1 80. Kf5 Re7 81. Rh8+ Kf7 82. Kg5 Re5+ 83. Bf5 Ke7 84. Rh6 Re1
85. Re6+ 1/2-1/2

[Event "12th Ugra Governor's Cup"]
[Site "Khanty-Mansiysk RUS"]
[Date "2016.11.22"]
[Round "6.4"]
[White "Ponkratov, Pavel"]
[Black "Paravyan, David"]
[Result "1-0"]
[WhiteTitle "GM"]
[BlackTitle "IM"]
[WhiteElo "2596"]
[BlackElo "2544"]
[WhiteFideId "4157800"]
[BlackFideId "4194985"]
[EventDate "2016.11.17"]

1. Nf3 Nf6 2. c4 e6 3. Nc3 d5 4. d4 Be7 5. g3 Nbd7 6. Bg2 O-O 7. O-O dxc4 8. e4
Rb8 9. a4 a5 10. Qe2 Nb6 11. Rd1 Bb4 12. Ne5 Nfd7 13. Nxc4 Nxc4 14. Qxc4 Nb6 15.
Qd3 e5 16. dxe5 Qxd3 17. Rxd3 c6 18. Na2 Bc5 19. b3 Be6 20. Be3 Nd7 21. Rad1
Bxe3 22. Rxe3 Nc5 23. Nc1 Rfd8 24. Bf3 Kf8 25. Kf1 Nd7 26. Be2 Nxe5 27. f4 Rxd1+
28. Bxd1 Rd8 29. Ke1 Ng4 30. Rc3 Rd4 31. Bc2 Nxh2 32. Rc5 Bg4 33. Bd3 Nf3+ 34.
Kf2 Rb4 35. Ke3 h5 36. Rxa5 Ke7 37. Bc4 b5 38. axb5 cxb5 39. Ra7+ Kd8 40. Na2
bxc4 41. Nxb4 cxb3 42. Nd3 Ke8 43. Rb7 h4 44. gxh4 Nxh4 45. Rxb3 f6 46. f5 g6
47. Rb8+ Kf7 48. Rh8 1-0

[Event "12th Ugra Governor's Cup"]
[Site "Khanty-Mansiysk RUS"]
[Date "2016.11.22"]
[Round "6.5"]
[White "Lintchevski, Daniil"]
[Black "Fedoseev, Vladimir3"]
[Result "0-1"]
[WhiteTitle "GM"]
[BlackTitle "GM"]
[WhiteElo "2517"]
[BlackElo "2673"]
[WhiteFideId "4171055"]
[BlackFideId "24130737"]
[EventDate "2016.11.17"]

1. e4 c5 2. Nf3 d6 3. Bb5+ Nd7 4. d4 cxd4 5. Qxd4 a6 6. Bxd7+ Qxd7 7. Nc3 Qc6 8.
O-O e5 9. Qd3 Be6 10. Rd1 h6 11. Nd5 Rc8 12. Be3 Nf6 13. Nxf6+ gxf6 14. Ne1 Bc4
15. Qd2 Qxe4 16. b3 Bb5 17. f3 Qg6 18. c4 Bc6 19. a4 f5 20. b4 f4 21. Bb6 Qe6
22. Nd3 Be7 23. b5 Bd7 24. Nb4 Rxc4 25. Nd5 Kf8 26. Rac1 axb5 27. axb5 Bxb5 28.
Nxe7 Kxe7 29. Rxc4 Bxc4 30. Bc7 f6 31. Qb4 Bd5 32. Qa5 Bc6 33. Rxd6 Qb3 34. h3
Rg8 35. Rd2 Kf7 36. Kh2 Kg6 37. Bxe5 fxe5 38. Qxe5 Qf7 39. Rd4 Kh7 40. Rxf4 Qg7 0-1

[Event "12th Ugra Governor's Cup"]
[Site "Khanty-Mansiysk RUS"]
[Date "2016.11.22"]
[Round "6.6"]
[White "Alekseev, Evgeny"]
[Black "Goryachkina, Aleksandra"]
[Result "1/2-1/2"]
[WhiteTitle "GM"]
[BlackTitle "WGM"]
[WhiteElo "2638"]
[BlackElo "2452"]
[WhiteFideId "4138147"]
[BlackFideId "4147103"]
[EventDate "2016.11.17"]

1. e4 e5 2. Nf3 Nc6 3. Bc4 Bc5 4. O-O Nf6 5. d3 d6 6. c3 a6 7. a4 h6 8. Nbd2 O-O
9. h3 Ba7 10. Re1 Re8 11. b4 Be6 12. Bxe6 Rxe6 13. Nb3 Ne7 14. Nh4 d5 15. Be3
dxe4 16. Bxa7 Rxa7 17. dxe4 Qxd1 18. Raxd1 Rd6 19. Nc5 b6 20. Nd3 Ra8 21. Nxe5
Nxe4 22. Rd3 Nf6 23. Rxd6 cxd6 24. Nc4 Ned5 25. Nf5 Rd8 26. a5 bxa5 27. bxa5 g6
28. Nfxd6 Nxc3 29. Re7 Rd7 30. Re3 Nb5 31. Ne8 Nxe8 32. Rxe8+ Kg7 33. Ra8 Ra7
34. Rd8 Rc7 35. Nd6 Rc1+ 36. Kh2 Kf6 37. Nxb5 axb5 38. Rb8 Rb1 39. a6 Ra1 40.
Rxb5 Rxa6 41. Kg3 1/2-1/2

[Event "12th Ugra Governor's Cup"]
[Site "Khanty-Mansiysk RUS"]
[Date "2016.11.22"]
[Round "6.7"]
[White "Lugovskoy, Maxim"]
[Black "Kokarev, Dmitry"]
[Result "0-1"]
[WhiteTitle "IM"]
[BlackTitle "GM"]
[WhiteElo "2435"]
[BlackElo "2634"]
[WhiteFideId "24126454"]
[BlackFideId "4132181"]
[EventDate "2016.11.17"]

1. d4 Nf6 2. Nc3 d5 3. Bf4 a6 4. e3 e6 5. Nf3 c5 6. Be2 b5 7. dxc5 Bxc5 8. a3
O-O 9. O-O Bb7 10. h3 Nbd7 11. Ne5 Rc8 12. Nxd7 Nxd7 13. Bd3 f5 14. Bh2 Qg5 15.
Bf4 Qg6 16. Bg3 Bxe3 17. Bd6 d4 18. Be4 fxe4 19. Bxf8 Bh6 20. Bb4 Ne5 21. Bd6
Nf3+ 22. Kh1 Nd2 23. Ne2 d3 24. cxd3 exd3 25. Rg1 Ne4 26. Bg3 dxe2 0-1

[Event "12th Ugra Governor's Cup"]
[Site "Khanty-Mansiysk RUS"]
[Date "2016.11.22"]
[Round "6.8"]
[White "Kovalev, Vladislav"]
[Black "Korchmar, Vasiliy"]
[Result "1/2-1/2"]
[WhiteTitle "GM"]
[BlackTitle "IM"]
[WhiteElo "2603"]
[BlackElo "2399"]
[WhiteFideId "13504398"]
[BlackFideId "24131750"]
[EventDate "2016.11.17"]

1. e4 e5 2. Nf3 Nc6 3. Bc4 Bc5 4. c3 Nf6 5. d3 d6 6. b4 Bb6 7. a4 a6 8. O-O O-O
9. Nbd2 Ne7 10. Bb3 Ng6 11. Re1 d5 12. exd5 Nxd5 13. Ne4 c6 14. Bd2 h6 15. Ng3
Ndf4 16. a5 Bc7 17. Bxf4 exf4 18. Nf1 Bg4 19. h3 Bxf3 20. Qxf3 Ne5 21. Qe4 f3
22. d4 fxg2 23. Ng3 Nd7 24. Nf5 Qg5 25. h4 Qf4 26. Qxf4 Bxf4 27. Re4 Bd2 28. Rg4
Bxc3 29. Rc1 Bxb4 30. Nxh6+ Kh7 31. Nxf7 Bxa5 32. Ng5+ Kh8 33. Nf7+ Kh7 34. Rxg2
Bb4 35. Ng5+ Kh8 36. Nf7+ Kh7 37. Rb1 a5 38. Ng5+ Kh8 39. Nf7+ Kh7 40. Be6 Nf6
41. f4 Rxf7 42. Bxf7 Rd8 43. Rd1 Bc3 44. Rd3 Bxd4+ 45. Kf1 c5 46. Rdg3 Ng8 47.
Rb3 Rd7 48. Be6 Rc7 49. Bf5+ Kh8 50. Be4 Rf7 51. f5 Nh6 52. Rxb7 Rxb7 53. Bxb7
Nxf5 54. Rg5 Ne3+ 55. Ke2 a4 56. Rg6 Kg8 57. Be4 Nc4 58. Ra6 Ne5 59. Rxa4 Kf7
60. Ra6 Ke7 61. Bd5 Kd7 62. h5 Ke7 63. Kd2 Kd7 64. Kc2 Ke7 65. Kb3 Ng4 66. Be4
Ne3 67. Ka4 Kd7 68. Kb5 Kc7 69. Rc6+ Kd7 70. Ra6 Kc7 71. Ka4 Kd7 72. Kb3 Ke7 73.
Ka2 Kd7 74. Kb1 Ke7 75. Kc1 Nc4 76. Kc2 Nd6 77. Bd5 Be5 78. Rc6 c4 79. Bxc4 Nxc4
80. Rxc4 Kf7 81. Rg4 Kg8 82. Kd3 Kh7 83. Ke4 Bb2 84. Rg6 Bc3 85. Kf5 Bd4 86. Rc6
Bb2 87. Rg6 Bc3 88. Ke6 Bd4 89. Kf5 Bc3 90. Rc6 Bd4 91. Kg4 Be5 92. h6 gxh6 93.
Kh5 Kg7 94. Rxh6 Bf6 95. Rg6+ Kf7 96. Rg2 Be7 97. Re2 Kf6 98. Kg4 Bd6 99. Kf3
Kf5 100. Re8 Be5 101. Ra8 Bd4 102. Ra5+ Be5 103. Ke3 Kf6 104. Ke4 Bc3 105. Rf5+
Ke6 106. Rc5 Bb4 107. Rc6+ Ke7 108. Kd5 Bd2 109. Ra6 Bf4 110. Re6+ Kf7 111. Re4
Bg3 112. Rg4 Bh2 113. Rh4 Bg3 114. Rh3 Be1 115. Rf3+ Kg6 116. Ke5 Bd2 117. Rg3+
Kf7 118. Rb3 Kg6 119. Ke4 1/2-1/2

[Event "12th Ugra Governor's Cup"]
[Site "Khanty-Mansiysk RUS"]
[Date "2016.11.22"]
[Round "6.9"]
[White "Pridorozhni, Aleksei"]
[Black "Predke, Alexandr"]
[Result "1/2-1/2"]
[WhiteTitle "GM"]
[BlackTitle "GM"]
[WhiteElo "2574"]
[BlackElo "2579"]
[WhiteFideId "4127870"]
[BlackFideId "24107581"]
[EventDate "2016.11.17"]

1. e4 c5 2. Nc3 d6 3. g3 Nc6 4. Bg2 g6 5. d3 Bg7 6. f4 e6 7. Nf3 Nge7 8. O-O O-O
9. Be3 b6 10. Qd2 d5 11. Bf2 dxe4 12. dxe4 Qxd2 13. Nxd2 Ba6 14. Rfe1 Rad8 15.
Nf1 e5 16. Rad1 Nd4 17. Rd2 Rfe8 18. Kh1 exf4 19. gxf4 Ne6 20. Rxd8 Rxd8 21. Be3
f5 22. Bc1 Kf7 23. Nd5 Nxd5 24. exd5 Nc7 25. Rd1 Be2 26. Rd2 Bc4 27. Ne3 Bxa2
28. b3 Bc3 29. Rd1 Nb5 30. Bd2 Bxd2 31. Rxd2 Nd6 32. Kg1 a5 33. Bf1 b5 34. Rd1
Re8 35. Kf2 c4 36. bxc4 Bxc4 37. Bxc4 bxc4 38. Ra1 Ra8 39. Ra4 Ke7 40. Ke2 Ne4
41. Ra3 Nd6 42. Ra4 h6 43. h4 Kf6 44. Kf3 g5 45. hxg5+ hxg5 46. fxg5+ Kxg5 47.
Nxc4 Nxc4 48. Rxc4 a4 49. d6 a3 50. d7 Rd8 1/2-1/2

[Event "12th Ugra Governor's Cup"]
[Site "Khanty-Mansiysk RUS"]
[Date "2016.11.22"]
[Round "6.10"]
[White "Ovetchkin, Roman"]
[Black "Bocharov, Dmitry"]
[Result "1/2-1/2"]
[WhiteTitle "GM"]
[BlackTitle "GM"]
[WhiteElo "2523"]
[BlackElo "2593"]
[WhiteFideId "4119991"]
[BlackFideId "4138716"]
[EventDate "2016.11.17"]

1. Nf3 Nf6 2. c4 e6 3. g3 d5 4. Bg2 dxc4 5. Qa4+ c6 6. Qxc4 b5 7. Qc2 Bb7 8. a4
a6 9. O-O Nbd7 10. Nc3 Rc8 11. d3 Be7 12. Nd2 O-O 13. axb5 axb5 14. Nb3 Qb6 15.
Ra5 Nd5 16. e4 Nxc3 17. Be3 c5 18. bxc3 Ne5 19. Qe2 Nc6 20. Raa1 b4 21. d4 bxc3
22. dxc5 Qxb3 23. Rfb1 Ra8 24. Rxb3 Rxa1+ 25. Bf1 Ba6 26. Qxa6 Rxa6 27. Bxa6 c2
28. Bd3 Bxc5 29. Bxc2 Bxe3 30. Rxe3 Rd8 31. Rc3 Nd4 32. Kg2 g5 33. Bd1 Kg7 34.
Rc5 Kg6 35. h4 gxh4 36. gxh4 f6 37. f4 Ra8 38. Rc4 Ra2+ 39. Kf1 e5 40. fxe5 fxe5
41. Rb4 Ra6 42. Kf2 h6 43. Ra4 Rxa4 44. Bxa4 Kh5 45. Kg3 Ne2+ 46. Kh3 Kg6 47.
Be8+ Kf6 48. Kg4 Nf4 49. Bb5 h5+ 50. Kf3 Ke7 51. Bc4 Kd6 52. Bf7 Kc5 53. Be8 Kd4 1/2-1/2

[Event "12th Ugra Governor's Cup"]
[Site "Khanty-Mansiysk RUS"]
[Date "2016.11.23"]
[Round "7.1"]
[White "Rozum, Ivan"]
[Black "Khismatullin, Denis"]
[Result "1-0"]
[WhiteTitle "GM"]
[BlackTitle "GM"]
[WhiteElo "2582"]
[BlackElo "2600"]
[WhiteFideId "24104272"]
[BlackFideId "4142578"]
[EventDate "2016.11.17"]

1. Nf3 d5 2. g3 c6 3. Bg2 Bg4 4. c4 e6 5. O-O Nf6 6. cxd5 cxd5 7. Ne5 Bh5 8. Nc3
Nfd7 9. Nd3 g5 10. f4 h6 11. f5 Nc6 12. h3 exf5 13. Rxf5 Bg7 14. Nf4 gxf4 15.
Rxh5 fxg3 16. Rxd5 Qe7 17. e3 O-O-O 18. d4 h5 19. Rf5 Nb6 20. Qf1 Rd7 21. Bd2
Bh6 22. Re1 h4 23. a4 Qb4 24. Rb5 Qc4 25. Qf6 Rdd8 26. Bxc6 bxc6 27. Rc5 Qd3 28.
Qxc6+ Kb8 29. Qc7+ Ka8 30. Ra5 1-0

[Event "12th Ugra Governor's Cup"]
[Site "Khanty-Mansiysk RUS"]
[Date "2016.11.23"]
[Round "7.2"]
[White "Rakhmanov, Aleksandr"]
[Black "Ponkratov, Pavel"]
[Result "1/2-1/2"]
[WhiteTitle "GM"]
[BlackTitle "GM"]
[WhiteElo "2664"]
[BlackElo "2596"]
[WhiteFideId "4173708"]
[BlackFideId "4157800"]
[EventDate "2016.11.17"]

1. Nf3 Nf6 2. c4 e6 3. b3 b6 4. g3 Bb7 5. Bg2 d5 6. Bb2 Bd6 7. O-O O-O 8. Nc3 a6
9. e3 Nbd7 10. Qe2 Qe7 11. d3 Ba3 12. cxd5 Bxb2 13. Qxb2 Nxd5 14. Nxd5 Bxd5 15.
Rac1 c5 16. d4 Rac8 17. Rfd1 h6 18. Qe2 b5 19. h3 Nf6 20. Ne5 cxd4 21. Rxc8 Rxc8
22. Rxd4 Qc7 23. Ng4 Nxg4 24. hxg4 Bxg2 25. Kxg2 Rd8 26. Rxd8+ Qxd8 27. Qc2 Qd5+
28. e4 Qd4 29. a4 bxa4 30. bxa4 a5 31. Qc8+ Kh7 32. Qc2 Kg8 33. Qc8+ Kh7 34. Qc2
Kg8 1/2-1/2

[Event "12th Ugra Governor's Cup"]
[Site "Khanty-Mansiysk RUS"]
[Date "2016.11.23"]
[Round "7.3"]
[White "Savchenko, Boris"]
[Black "Volkov, Sergey"]
[Result "1-0"]
[WhiteTitle "GM"]
[BlackTitle "GM"]
[WhiteElo "2613"]
[BlackElo "2618"]
[WhiteFideId "4147332"]
[BlackFideId "4122763"]
[EventDate "2016.11.17"]

1. d4 d5 2. Bf4 Nf6 3. e3 c5 4. c3 Nc6 5. Bb5 Qb6 6. Qe2 Bg4 7. Nf3 e6 8. h3
Bxf3 9. gxf3 a6 10. Ba4 Rd8 11. Rg1 g6 12. Be5 Bg7 13. Bxc6+ Qxc6 14. dxc5 Qxc5
15. Rg4 Nxg4 16. Bxg7 Rg8 17. Bd4 Qd6 18. fxg4 e5 19. Bxe5 Qxe5 20. Nd2 Kd7 21.
Nf3 Qf6 22. O-O-O Kc8 23. Ne1 Rge8 24. Nd3 Kb8 25. Qf1 Qf3 26. Ne1 Qf6 27. Nd3
Re4 28. Nf4 Ra4 29. Kb1 g5 30. Ne2 h5 31. Nd4 hxg4 32. hxg4 Rc4 33. Qg2 Qe5 34.
Qf3 Rcc8 35. Ka1 f6 36. a3 Ka8 37. Nf5 Qe4 38. Qe2 Qc4 39. Qf3 Qa4 40. Rd4 Rc4
41. Rxd5 Rxd5 42. Qxd5 Rxg4 43. Nd6 Rg1+ 44. Ka2 Qc6 45. Qg8+ Ka7 46. Nc8+ Kb8
47. Ne7+ 1-0

[Event "12th Ugra Governor's Cup"]
[Site "Khanty-Mansiysk RUS"]
[Date "2016.11.23"]
[Round "7.5"]
[White "Goganov, Aleksey"]
[Black "Kovalev, Vladislav"]
[Result "1-0"]
[WhiteTitle "GM"]
[BlackTitle "GM"]
[WhiteElo "2643"]
[BlackElo "2603"]
[WhiteFideId "24109959"]
[BlackFideId "13504398"]
[EventDate "2016.11.17"]

1. d4 Nf6 2. c4 g6 3. Nc3 Bg7 4. e4 d6 5. f3 O-O 6. Be3 c5 7. d5 e6 8. Nge2 exd5
9. cxd5 Nbd7 10. Ng3 a6 11. a4 Ne5 12. Be2 Bd7 13. h3 b5 14. f4 Nc4 15. Bxc4
bxc4 16. O-O Rb8 17. e5 Ne8 18. Qe2 dxe5 19. Bxc5 exf4 20. Bxf8 Qb6+ 21. Kh1
Kxf8 22. Rxf4 Qxb2 23. Qxb2 Rxb2 24. Raf1 f5 25. Rxc4 Rc2 26. Nge2 Nd6 27. Rc5
Ke7 28. Rd1 Kd8 29. Nd4 Bxd4 30. Rxd4 Rc1+ 31. Kh2 Re1 32. Na2 Ra1 33. Rc2 g5
34. Rb4 f4 35. Rb8+ Bc8 36. Nb4 Rxa4 37. Rc6 Ke7 38. Rc7+ Kf6 39. Rb6 Rxb4 40.
Rxb4 Bf5 41. Rb6 Ke5 42. Rxa6 h5 43. Re7+ Kxd5 44. Ra5+ Kd4 45. Ree5 1-0

[Event "12th Ugra Governor's Cup"]
[Site "Khanty-Mansiysk RUS"]
[Date "2016.11.23"]
[Round "7.6"]
[White "Paravyan, David"]
[Black "Alekseev, Evgeny"]
[Result "1/2-1/2"]
[WhiteTitle "IM"]
[BlackTitle "GM"]
[WhiteElo "2544"]
[BlackElo "2638"]
[WhiteFideId "4194985"]
[BlackFideId "4138147"]
[EventDate "2016.11.17"]

1. d4 Nf6 2. c4 e6 3. Nc3 Bb4 4. e3 O-O 5. Bd3 d5 6. Nf3 c5 7. O-O cxd4 8. exd4
dxc4 9. Bxc4 b6 10. Qe2 Nc6 11. Rd1 Ne7 12. Bg5 Bxc3 13. bxc3 Bb7 14. Bd3 Ng6
15. c4 Qd6 16. Bxf6 gxf6 17. Be4 Bxe4 18. Qxe4 Rac8 19. Rac1 Rc7 20. g3 Rfc8 21.
d5 b5 22. dxe6 Qxe6 23. Qxe6 fxe6 24. c5 e5 25. Rd6 Rc6 26. Rcd1 a5 27. a3 R8c7
28. Nd2 f5 29. Nf3 Rxc5 30. Rd8+ Kg7 31. Ng5 Nf8 32. R1d6 Rb7 33. Kg2 Rcc7 34.
Rd5 Re7 35. Nf3 b4 36. axb4 axb4 37. Nxe5 b3 38. Nd3 Ne6 39. R8d6 b2 40. Nxb2
Rxb2 41. Rxf5 Rf7 42. Rxf7+ Kxf7 43. Rd7+ Kg6 44. Rd6 Kf6 45. Rd7 h6 46. h4 Nc5
47. Rd6+ Kg7 48. Rd4 Re2 1/2-1/2

[Event "12th Ugra Governor's Cup"]
[Site "Khanty-Mansiysk RUS"]
[Date "2016.11.23"]
[Round "7.7"]
[White "Predke, Alexandr"]
[Black "Goryachkina, Aleksandra"]
[Result "1-0"]
[WhiteTitle "GM"]
[BlackTitle "WGM"]
[WhiteElo "2579"]
[BlackElo "2452"]
[WhiteFideId "24107581"]
[BlackFideId "4147103"]
[EventDate "2016.11.17"]

1. c4 Nf6 2. Nf3 e6 3. Nc3 Bb4 4. Qc2 O-O 5. a3 Bxc3 6. Qxc3 b6 7. e3 Bb7 8. Be2
d6 9. O-O Nbd7 10. d3 c5 11. b4 Qe7 12. Bb2 Rfc8 13. b5 a6 14. a4 axb5 15. axb5
Qf8 16. Nd2 Rxa1 17. Rxa1 Ra8 18. g4 Rxa1+ 19. Bxa1 e5 20. Qa3 Qb8 21. d4 exd4
22. exd4 Qe8 23. Kf1 cxd4 24. Qxd6 Bg2+ 25. Ke1 Nxg4 26. Bxd4 h5 27. f3 Nh6 28.
Bxb6 Nf5 29. Qc7 Nxb6 30. Qxb6 Qe5 31. Qd8+ Kh7 32. Qg5 g6 33. Qxg2 Ne3 34. Qg1
Qd4 35. Ne4 f5 36. Nf6+ Kg7 37. Nd5 1-0

[Event "12th Ugra Governor's Cup"]
[Site "Khanty-Mansiysk RUS"]
[Date "2016.11.23"]
[Round "7.8"]
[White "Korchmar, Vasiliy"]
[Black "Pridorozhni, Aleksei"]
[Result "1/2-1/2"]
[WhiteTitle "IM"]
[BlackTitle "GM"]
[WhiteElo "2399"]
[BlackElo "2574"]
[WhiteFideId "24131750"]
[BlackFideId "4127870"]
[EventDate "2016.11.17"]

1. d4 b5 2. e4 a6 3. Bd3 Bb7 4. Nf3 e6 5. O-O Nf6 6. Qe2 d5 7. e5 Nfd7 8. Ng5 g6
9. f4 Be7 10. Qg4 Bxg5 11. fxg5 c5 12. c3 Nc6 13. Qf4 Rf8 14. Be3 cxd4 15. Bxd4
Nxd4 16. cxd4 Qb6 17. Na3 b4 18. Nc2 Nb8 19. Qe3 Nc6 20. Rf6 a5 21. Raf1 Ba6 22.
Bxa6 Qxa6 23. Qf3 Nd8 24. Ne3 Rc8 25. Rf4 a4 26. Ng4 a3 27. bxa3 Qxa3 28. Nf6+
Ke7 29. Qxa3 bxa3 30. R4f3 Rc2 31. Rxa3 Nc6 32. Rb1 Rc8 33. Rb7+ Kf8 34. h4 Kg7
35. Rf3 Nxd4 36. Nh5+ gxh5 37. Rfxf7+ Kg8 38. Rg7+ Kh8 39. Rxh7+ Kg8 40. Rhg7+
Kh8 41. Rh7+ Kg8 42. Rbg7+ Kf8 43. Rf7+ Kg8 1/2-1/2